Meeting the manpower challege of the sixties with 40- plus workers (Record no. 499924)

000 -LEADER
fixed length control field 00387cam a22001097a 4500
008 - FIXED-LENGTH DATA ELEMENTS--GENERAL INFORMATION
fixed length control field 180718b1960 xxu||||| |||| 00| 0 eng d
082 ## - DEWEY DECIMAL CLASSIFICATION NUMBER
Classification number K312x73 Un3m
245 ## - TITLE STATEMENT
Title Meeting the manpower challege of the sixties with 40- plus workers
Statement of responsibility, etc. by Department of Labour, U.S.A.
260 ## - PUBLICATION, DISTRIBUTION, ETC.
Place of publication, distribution, etc. Washington, D.C.
Name of publisher, distributor, etc. Government Printing Office
Date of publication, distribution, etc. 1960
300 ## - PHYSICAL DESCRIPTION
Extent 76+p.
700 ## - ADDED ENTRY--PERSONAL NAME
Personal name U.S.A. Department of Labour
Holdings
Withdrawn status Lost status Damaged status Not for loan Permanent Location Current Location Date acquired Full call number Barcode Date last seen Price effective from Koha item type
        Indian Institute of Public Administration Indian Institute of Public Administration 2018-08-04 K312x73 Un3m G69 2018-08-04 2018-08-04 G

Powered by Koha